| 000 | 00699cab a2200265 4500 | ||
|---|---|---|---|
| 001 | ABS53447 | ||
| 008 | 090401t1995 xxu||||| |||| 00| 0 eng d | ||
| 035 | _a(Sirsi) u4261 | ||
| 041 | _aeng | ||
| 100 | _aBrymer, S. | ||
| 245 | 4 | _aThe Tenancy of Shops (Scotland) Act 1949 | |
| 260 | _c1995 | ||
| 350 | _a0 | ||
| 490 |
_aProperty Law _v16 PL 1995 3-5(3) |
||
| 520 | _aOutlines the scope and effects of the Act. | ||
| 650 | _aCOMMERCIAL LEASES | ||
| 650 | _aRETAIL PROPERTY | ||
| 650 | _aSCOTLAND | ||
| 650 | _aSCOTS LAW | ||
| 650 | _aSHOPS | ||
| 650 | _aTENANCY OF SHOPS (SCOTLAND) ACT 1949 | ||
| 690 | _aLANDLORD AND TENANT-BUSINESS TENANCIES | ||
| 942 | _n0 | ||
| 948 | _c04/03/1997 | ||
| 999 |
_c2553 _d2553 |
||